[Event "Belgrade Gligoric 100 Ann op"]
[Site "Belgrade"]
[Date "2023.02.05"]
[Round "6"]
[White "Jelic, Goran"]
[Black "Marinkovic, Ivan"]
[Result "1/2-1/2"]
[WhiteElo "2228"]
[BlackElo "2413"]
[PlyCount "110"]
[EventDate "2023.02.05"]
[EventType "swiss (blitz)"]
[EventRounds "11"]
[EventCountry "SRB"]
[SourceTitle "EXT 2024"]
[Source "ChessBase"]
[SourceDate "2023.10.10"]
[SourceVersion "1"]
[SourceVersionDate "2023.10.10"]
[SourceQuality "1"]

1. Nc3 Nf6 2. d4 d5 3. Bg5 c6 4. Qd3 g6 5. e4 Nxe4 6. Nxe4 dxe4 7. Qxe4 Bg7 8. 0-0-0 h6 9. Be3 Qd5 10. Qxd5 cxd5 11. Nf3 Bg4 12. Be2 Nc6 13. h3 Bxf3 14. Bxf3 0-0-0 15. c3 e6 16. h4 h5 17. Bf4 Bh6 18. Bxh6 Rxh6 19. Rde1 Kc7 20. Re3 Kd6 21. Bd1 Rc8 22. Kd2 Ne7 23. Bc2 Rhh8 24. Rf3 Rhf8 25. Re3 b5 26. a4 b4 27. a5 Nc6 28. Ra1 Rb8 29. Rf3 Ke7 30. Re3 Rfc8 31. Ra4 Rb5 32. a6 Rb6 33. f3 Kd6 34. Re1 bxc3+ 35. bxc3 Rcb8 36. Rea1 Ne7 37. g4 Rh8 38. Rh1 Nc8 39. Bd3 Ke7 40. Rb4 Rxb4 41. cxb4 Nb6 42. Rc1 hxg4 43. fxg4 Kd6 44. b5 Rxh4 45. Rg1 g5 46. Rf1 Ke7 47. Rc1 Kd7 48. Rf1 Ke7 49. Rc1 Kd6 50. Rf1 Rh2+ 51. Ke3 Rh3+ 52. Kd2 Rh2+ 53. Ke3 Ke7 54. Rc1 Kd7 55. Rf1 Ke8 1/2-1/2

[Event "Belgrade Gligoric 100 Ann op"]
[Site "Belgrade"]
[Date "2023.02.05"]
[Round "3"]
[White "Sarana, Alexey"]
[Black "Jelic, Goran"]
[Result "1-0"]
[WhiteElo "2668"]
[BlackElo "2228"]
[PlyCount "41"]
[EventDate "2023.02.05"]
[EventType "swiss (blitz)"]
[EventRounds "11"]
[EventCountry "SRB"]
[SourceTitle "EXT 2024"]
[Source "ChessBase"]
[SourceDate "2023.10.10"]
[SourceVersion "1"]
[SourceVersionDate "2023.10.10"]
[SourceQuality "1"]

1. c4 e5 2. Nc3 Nf6 3. Nf3 Nc6 4. g3 Bc5 5. Bg2 d6 6. 0-0 0-0 7. e3 a5 8. d4 Bb6 9. h3 Re8 10. b3 exd4 11. exd4 h6 12. Be3 Bf5 13. Re1 Ne4 14. Nd5 Ba7 15. Nh4 Bh7 16. Qg4 Nf6 17. Nxf6+ Qxf6 18. Rad1 Nxd4 19. Bxb7 Rad8 20. Rf1 Re4 21. Bxe4 1-0

[Event "Belgrade-chT Quality"]
[Site "Belgrade"]
[Date "2019.10.29"]
[Round "9.2"]
[White "Gvozdenovic, Milos"]
[Black "Jelic, Goran"]
[Result "0-1"]
[WhiteElo "1742"]
[BlackElo "2214"]
[PlyCount "76"]
[EventDate "2019.10.05"]
[EventType "team-tourn"]
[EventRounds "11"]
[EventCountry "SRB"]
[SourceTitle "EXT 2022"]
[Source "ChessBase"]
[SourceDate "2021.10.06"]
[SourceVersion "1"]
[SourceVersionDate "2021.10.06"]
[SourceQuality "1"]
[WhiteTeam "Delfin"]
[BlackTeam "Cukaricki"]
[WhiteTeamCountry "SRB"]
[BlackTeamCountry "SRB"]

1. d4 Nf6 2. Bf4 g6 3. e3 Bg7 4. Nf3 0-0 5. h3 d6 6. Nbd2 Nc6 7. c3 Nd7 8. e4 e5 9. Be3 h6 10. dxe5 dxe5 11. Bb5 f5 12. Bxc6 bxc6 13. Nb3 a5 14. Nc5 Qe7 15. Qb3+ Rf7 16. Nxd7 Bxd7 17. Rd1 a4 18. Qb4 Qe8 19. Bc5 Be6 20. c4 fxe4 21. Nd2 Rd7 22. 0-0 Qd8 23. Qc3 Rd3 24. Qc2 Bf5 25. Rfe1 e3 26. Nb1 Rxd1 27. Qxd1 Qxd1 28. Rxd1 e2 29. Re1 Bxb1 30. Rxb1 Rd8 31. Re1 Rd1 32. Bb4 e4 33. Kh2 c5 34. Ba5 Rxe1 35. Bxe1 Bxb2 36. Kg3 Ba3 37. f3 e3 38. Kf4 Bb4 0-1

[Event "Belgrade City-chT"]
[Site "Belgrade"]
[Date "2019.05.14"]
[Round "2.5"]
[White "Jelic, Goran"]
[Black "Vasic, Dusan"]
[Result "1-0"]
[WhiteElo "2206"]
[BlackElo "1669"]
[PlyCount "85"]
[EventDate "2019.05.13"]
[EventType "team-swiss"]
[EventRounds "5"]
[EventCountry "SRB"]
[SourceTitle "CBM 190 Extra"]
[Source "ChessBase"]
[SourceDate "2019.07.15"]
[SourceVersion "1"]
[SourceVersionDate "2019.07.15"]
[SourceQuality "1"]
[WhiteTeam "Cukaricki"]
[BlackTeam "Pogledi"]
[WhiteTeamCountry "SRB"]
[BlackTeamCountry "SRB"]

1. d4 Nf6 2. c4 g6 3. Nc3 Bg7 4. e4 d6 5. Be2 0-0 6. Bg5 h6 7. Be3 Nbd7 8. f4 e5 9. fxe5 dxe5 10. d5 c6 11. Nh3 Qa5 12. Nf2 Nc5 13. 0-0 Ncd7 14. a3 Qd8 15. Qd2 Kh7 16. b4 Ng8 17. Bd3 f5 18. exf5 gxf5 19. g4 e4 20. Nfxe4 fxe4 21. Bxe4+ Kh8 22. dxc6 bxc6 23. Bxc6 Nb6 24. Rxf8 Qxf8 25. Bxb6 axb6 26. Bxa8 Bxg4 27. Bg2 Qf6 28. Rc1 h5 29. Nd5 Qd6 30. c5 bxc5 31. bxc5 Qe5 32. c6 Bc8 33. Re1 Qd6 34. c7 Be5 35. Rxe5 Qxe5 36. Qc3 Qxc3 37. Nxc3 Ne7 38. Kf2 Kg7 39. Ke3 Kf6 40. Kd4 h4 41. Nd5+ Kf7 42. Nxe7 Kxe7 43. Kc5 1-0

[Event "Belgrade-chT Premier"]
[Site "Belgrade"]
[Date "2017.09.18"]
[Round "1.1"]
[White "Jelic, Goran"]
[Black "Skare, Goran"]
[Result "1-0"]
[WhiteElo "2181"]
[BlackElo "2280"]
[PlyCount "141"]
[EventDate "2017.09.18"]
[EventType "team"]
[EventRounds "9"]
[EventCountry "SRB"]
[SourceTitle "CBM 180 Extra"]
[Source "ChessBase"]
[SourceDate "2017.10.06"]
[SourceVersion "1"]
[SourceVersionDate "2017.10.06"]
[SourceQuality "1"]
[WhiteTeam "Cukaricki"]
[BlackTeam "Rudovci Radnicki"]
[WhiteTeamCountry "SRB"]
[BlackTeamCountry "SRB"]

1. c4 f5 2. Nf3 Nf6 3. g3 g6 4. Nc3 Bg7 5. Bg2 0-0 6. 0-0 d6 7. d4 Nc6 8. d5 Na5 9. Qd3 c5 10. b3 a6 11. Rb1 Bd7 12. Bd2 h6 13. Nh4 Be8 14. e4 fxe4 15. Nxe4 Ng4 16. f4 b5 17. Bh3 Bd4+ 18. Kg2 Nf6 19. Nxf6+ Rxf6 20. Nf3 Nb7 21. Nxd4 cxd4 22. Qxd4 bxc4 23. bxc4 Nc5 24. Rfe1 Bd7 25. Bxd7 Qxd7 26. Bc3 Raf8 27. Bb4 Na4 28. Rb3 Kh7 29. Re2 R6f7 30. Re6 Rg8 31. Rbe3 Rgg7 32. c5 dxc5 33. Bxc5 Nxc5 34. Qxc5 Rf5 35. R3e5 Rxe5 36. Rxe5 Qb7 37. Re2 Rf7 38. h4 h5 39. Qc6 Qa7 40. Re6 Qd4 41. Re2 Qd3 42. Qe6 Kg7 43. Kh2 a5 44. Qe4 Qd1 45. Rc2 Qb1 46. Qe5+ Kh7 47. Qe2 Qb4 48. Rc7 Rg7 49. f5 Qb1 50. Rxe7 Qxf5 51. d6 Kh6 52. Qe3+ Kh7 53. Rxg7+ Kxg7 54. Qd4+ Kh7 55. d7 Qc2+ 56. Kg1 Qb1+ 57. Kf2 Qxa2+ 58. Ke3 Qe6+ 59. Kd2 Qa2+ 60. Kc3 Qa1+ 61. Kd3 Qf1+ 62. Kd2 Qg2+ 63. Kc1 Qf1+ 64. Kc2 Qg2+ 65. Kb3 Qb7+ 66. Ka4 Qc6+ 67. Kxa5 Qc7+ 68. Ka6 Qd8 69. Kb7 Kg8 70. Qc4+ Kh7 71. Qc7 1-0

[Event "SRB-ch sf Belgrade-ch"]
[Site "Belgrade"]
[Date "2017.01.30"]
[Round "8"]
[White "Jelic, Goran"]
[Black "Maric, Dragan"]
[Result "1/2-1/2"]
[WhiteElo "2207"]
[BlackElo "2195"]
[PlyCount "23"]
[EventDate "2017.01.23"]
[EventType "swiss"]
[EventRounds "9"]
[EventCountry "SRB"]
[SourceTitle "EXT 2018"]
[Source "ChessBase"]
[SourceDate "2017.10.13"]
[SourceVersion "1"]
[SourceVersionDate "2017.10.13"]
[SourceQuality "1"]

1. d4 Nf6 2. c4 c5 3. d5 b5 4. Nd2 bxc4 5. e4 d6 6. Bxc4 g6 7. b3 Bg7 8. Bb2 0-0 9. Ngf3 a5 10. 0-0 Na6 11. Re1 Re8 12. Qc2 1/2-1/2

[Event "Belgrade-ch sf"]
[Site "Belgrade"]
[Date "2017.01.29"]
[Round "7"]
[White "Kostic, Vasilije"]
[Black "Jelic, Goran"]
[Result "0-1"]
[WhiteElo "1858"]
[BlackElo "2207"]
[PlyCount "96"]
[EventDate "2017.01.23"]
[EventType "swiss"]
[EventRounds "7"]
[EventCountry "SRB"]
[SourceTitle "CBM 176 Extra"]
[Source "ChessBase"]
[SourceDate "2017.03.02"]
[SourceVersion "1"]
[SourceVersionDate "2017.03.02"]
[SourceQuality "1"]

1. e4 c5 2. Nf3 Nc6 3. d4 cxd4 4. Nxd4 g6 5. Nc3 Bg7 6. Be3 Nf6 7. Bc4 Qa5 8. 0-0 0-0 9. Bb3 d6 10. h3 Bd7 11. Qd2 Nxd4 12. Bxd4 Nxe4 13. Qe3 Nxc3 14. Bxg7 Kxg7 15. bxc3 Rae8 16. Rad1 Bc6 17. Rd4 h6 18. Re1 Qg5 19. Qxg5 hxg5 20. Bd5 Bxd5 21. Rxd5 f5 22. c4 b6 23. Rd3 Kf6 24. g4 Rc8 25. Ra3 Rc7 26. Kg2 Rfc8 27. Re2 Rd7 28. Ra4 Rc5 29. Rd2 Rdc7 30. Rd4 a5 31. Kf3 R7c6 32. Ke3 Rc8 33. Kd2 Ke5 34. c3 Rh8 35. Rd3 Rh4 36. Rg3 f4 37. Rd3 Rc8 38. Ke2 Ke6 39. Kf1 Rc5 40. Ke2 Ke5 41. Kf1 Rh8 42. Ke2 Ke6 43. Kd2 Kd7 44. Ke2 Rhc8 45. Rd4 e5 46. Re4 Rh8 47. Kd2 Rxh3 48. Re1 Rh2 0-1

[Event "Belgrade Trophy 30th"]
[Site "Belgrade"]
[Date "2016.12.01"]
[Round "8"]
[White "Ioannidis, Evgenios"]
[Black "Jelic, Goran"]
[Result "1-0"]
[WhiteElo "2301"]
[BlackElo "2203"]
[PlyCount "67"]
[EventDate "2016.11.24"]
[EventType "swiss"]
[EventRounds "9"]
[EventCountry "SRB"]
[SourceTitle "CBM 175 Extra"]
[Source "ChessBase"]
[SourceDate "2016.12.12"]
[SourceVersion "1"]
[SourceVersionDate "2016.12.12"]
[SourceQuality "1"]

1. e4 c5 2. Nf3 g6 3. c4 Bg7 4. d4 Nc6 5. d5 Nd4 6. Nxd4 cxd4 7. Bd3 d6 8. 0-0 Nf6 9. b4 a5 10. bxa5 Qxa5 11. Nd2 e5 12. f4 Ng4 13. Nb3 Qc3 14. f5 Ne3 15. Bxe3 dxe3 16. Rc1 Qb4 17. Rc2 Qb6 18. Kh1 Bd7 19. c5 dxc5 20. Nxc5 Bc8 21. d6 Qxd6 22. Bb5+ Ke7 23. f6+ Bxf6 24. Qxd6+ Kxd6 25. Rxf6+ Ke7 26. Rf3 Ra3 27. Nxb7 f5 28. exf5 gxf5 29. Rc7+ Kf6 30. Nd6 Rd8 31. Ne4+ Kg6 32. Rg3+ Kh6 33. Rc6+ Kh5 34. Be2+ 1-0

[Event "Belgrade-chT"]
[Site "Belgrade"]
[Date "2016.10.11"]
[Round "4.4"]
[White "Jelic, Goran"]
[Black "Stojanovic, Sasa M"]
[Result "1-0"]
[WhiteElo "2207"]
[BlackElo "2065"]
[PlyCount "83"]
[EventDate "2016.10.08"]
[EventType "team-tourn"]
[EventRounds "13"]
[EventCountry "SRB"]
[SourceTitle "EXT 2017"]
[Source "ChessBase"]
[SourceDate "2016.10.25"]
[SourceVersion "1"]
[SourceVersionDate "2016.10.25"]
[SourceQuality "1"]
[WhiteTeam "Bogoslov"]
[BlackTeam "Politika"]
[WhiteTeamCountry "SRB"]
[BlackTeamCountry "SRB"]

1. c4 Nf6 2. Nc3 g6 3. e4 d6 4. d4 Bg7 5. Be2 0-0 6. Bg5 c5 7. d5 e6 8. Qd2 exd5 9. exd5 Re8 10. Nf3 Bg4 11. 0-0 a6 12. a4 Nbd7 13. h3 Bxf3 14. Bxf3 Ne5 15. Be2 Qb6 16. f4 Ned7 17. a5 Qc7 18. Bd3 b5 19. axb6 Qxb6 20. f5 Rab8 21. fxg6 hxg6 22. Bc2 Nh7 23. Bh6 Bd4+ 24. Kh1 Ne5 25. Ra4 Qc7 26. b3 Qe7 27. g3 Rb6 28. Raa1 Qd7 29. Kg2 f5 30. Rae1 Rbb8 31. Ne2 Nf7 32. Nxd4 cxd4 33. g4 d3 34. Bd1 Nf6 35. Be3 Ne5 36. Bd4 Ne4 37. Qf4 Re7 38. gxf5 gxf5 39. Kh2 Rf8 40. Rxe4 Ng4+ 41. hxg4 Rxe4 42. Qg5+ 1-0

[Event "Belgrade-chT"]
[Site "Belgrade"]
[Date "2016.10.10"]
[Round "3.5"]
[White "Krstic, Milos D"]
[Black "Jelic, Goran"]
[Result "1-0"]
[WhiteElo "1971"]
[BlackElo "2207"]
[PlyCount "57"]
[EventDate "2016.10.08"]
[EventType "team-tourn"]
[EventRounds "13"]
[EventCountry "SRB"]
[SourceTitle "EXT 2017"]
[Source "ChessBase"]
[SourceDate "2016.10.25"]
[SourceVersion "1"]
[SourceVersionDate "2016.10.25"]
[SourceQuality "1"]
[WhiteTeam "Delfin"]
[BlackTeam "Bogoslov"]
[WhiteTeamCountry "SRB"]
[BlackTeamCountry "SRB"]

1. e4 c5 2. Nf3 d6 3. d4 cxd4 4. Qxd4 Nc6 5. Bb5 Bd7 6. Bxc6 Bxc6 7. Nc3 e5 8. Qd3 h6 9. Be3 Nf6 10. h3 Be7 11. 0-0-0 Qa5 12. Kb1 b5 13. Nd2 Rb8 14. Nb3 Qc7 15. f4 b4 16. Nd5 Nxd5 17. exd5 Bb5 18. Qd2 exf4 19. Bxf4 0-0 20. Nd4 Bd7 21. g4 Bf6 22. Rhg1 g5 23. Be3 Qc4 24. Rdf1 Be5 25. h4 Qxd5 26. hxg5 hxg5 27. Qd3 Bxd4 28. Bxd4 Be6 29. Rh1 1-0

[Event "Belgrade-chT"]
[Site "Belgrade"]
[Date "2015.09.26"]
[Round "5.3"]
[White "Mihic, Bojan"]
[Black "Jelic, Goran"]
[Result "1-0"]
[WhiteElo "2389"]
[BlackElo "2208"]
[PlyCount "60"]
[EventDate "2015.09.21"]
[EventType "team-tourn"]
[EventRounds "9"]
[EventCountry "SRB"]
[SourceTitle "CBM 168 Extra"]
[Source "ChessBase"]
[SourceDate "2015.10.29"]
[SourceVersion "1"]
[SourceVersionDate "2015.10.29"]
[SourceQuality "1"]
[WhiteTeam "Belgrade Sigurnost"]
[BlackTeam "Bogoslov"]
[WhiteTeamCountry "SRB"]
[BlackTeamCountry "SRB"]

1. Nf3 Nf6 2. c4 c5 3. Nc3 d5 4. cxd5 Nxd5 5. g3 Nc6 6. Bg2 Nc7 7. 0-0 g6 8. b3 Bg7 9. Bb2 Ne6 10. Rc1 Qd7 11. Na4 Bxb2 12. Nxb2 Rb8 13. Nd3 Qd6 14. a3 Bd7 15. Qc2 Ncd4 16. Nxd4 Nxd4 17. Qd1 Bb5 18. Rc3 0-0 19. Re1 b6 20. b4 cxb4 21. Nxb4 a5 22. Nd5 a4 23. Qa1 e5 24. e3 Ne2+ 25. Rxe2 Bxe2 26. Rc6 Qd8 27. Qxe5 f6 28. Nxf6+ Rxf6 29. Rxf6 Bc4 30. Rd6 Qe8 1-0

[Event "Belgrade-chT"]
[Site "Belgrade"]
[Date "2015.09.22"]
[Round "2.5"]
[White "Vencl, Radivoje"]
[Black "Jelic, Goran"]
[Result "1-0"]
[WhiteElo "2290"]
[BlackElo "2208"]
[PlyCount "59"]
[EventDate "2015.09.21"]
[EventType "team-tourn"]
[EventRounds "9"]
[EventCountry "SRB"]
[SourceTitle "CBM 168 Extra"]
[Source "ChessBase"]
[SourceDate "2015.10.29"]
[SourceVersion "1"]
[SourceVersionDate "2015.10.29"]
[SourceQuality "1"]
[WhiteTeam "MZ Cirilo i Metodije"]
[BlackTeam "Bogoslov"]
[WhiteTeamCountry "SRB"]
[BlackTeamCountry "SRB"]

1. d4 Nf6 2. Nf3 g6 3. Bg5 Bg7 4. c3 0-0 5. Nbd2 d5 6. e3 Nbd7 7. Be2 Re8 8. h4 e5 9. dxe5 Nxe5 10. Nxe5 Rxe5 11. Nf3 Re8 12. h5 c6 13. hxg6 hxg6 14. Qa4 Re4 15. Qc2 Rg4 16. g3 Bf5 17. Bd3 Be4 18. Bxe4 Rxe4 19. Kf1 Qd7 20. Bxf6 Bxf6 21. Kg2 Kg7 22. Rad1 Qe6 23. Qd3 Ra4 24. Nd4 Bxd4 25. exd4 Rxa2 26. Qd2 Qe4+ 27. f3 Qf5 28. g4 Qc8 29. Qh6+ Kf6 30. Qf4+ 1-0

[Event "Belgrade Trophy 28th"]
[Site "Belgrade"]
[Date "2014.11.30"]
[Round "7"]
[White "Jelic, Goran"]
[Black "Pappelis, Dimitrios"]
[Result "1/2-1/2"]
[WhiteElo "2214"]
[BlackElo "2050"]
[PlyCount "42"]
[EventDate "2014.11.24"]
[EventType "swiss"]
[EventRounds "9"]
[EventCountry "SRB"]
[SourceTitle "CBM 163 Extra"]
[Source "ChessBase"]
[SourceDate "2014.12.23"]
[SourceVersion "1"]
[SourceVersionDate "2014.12.23"]
[SourceQuality "1"]

1. e4 c5 2. Nf3 Nc6 3. Bb5 Nf6 4. d3 Qa5+ 5. Nc3 Nd4 6. Bc4 b5 7. Bb3 Nxb3 8. cxb3 d6 9. h3 e6 10. 0-0 Bb7 11. Nh2 Be7 12. Ng4 b4 13. Ne2 Nxg4 14. hxg4 h5 15. Nf4 h4 16. Be3 Qb5 17. Qd2 e5 18. Nh3 Bc8 19. f3 Be6 20. Rfd1 f6 21. Kh2 Qd7 1/2-1/2

[Event "Belgrade Trophy 28th"]
[Site "Belgrade"]
[Date "2014.11.29"]
[Round "6"]
[White "Maksimovic, Branimir"]
[Black "Jelic, Goran"]
[Result "1-0"]
[WhiteElo "2379"]
[BlackElo "2214"]
[PlyCount "61"]
[EventDate "2014.11.24"]
[EventType "swiss"]
[EventRounds "9"]
[EventCountry "SRB"]
[SourceTitle "CBM 163 Extra"]
[Source "ChessBase"]
[SourceDate "2014.12.23"]
[SourceVersion "1"]
[SourceVersionDate "2014.12.23"]
[SourceQuality "1"]

1. d4 d5 2. c4 c6 3. Nc3 Nf6 4. e3 g6 5. Nf3 Bg7 6. Bd3 0-0 7. 0-0 c5 8. dxc5 Na6 9. cxd5 Nxd5 10. Nxd5 Qxd5 11. Bxa6 Qxd1 12. Rxd1 bxa6 13. Nd4 Rd8 14. Bd2 Bg4 15. f3 Bxd4 16. exd4 Rxd4 17. Ba5 Rxd1+ 18. Rxd1 Be6 19. c6 f6 20. c7 Rc8 21. Rd8+ Kf7 22. Kf2 g5 23. Ke3 h5 24. Kd4 h4 25. Kc5 g4 26. f4 Bf5 27. g3 hxg3 28. hxg3 e5 29. fxe5 fxe5 30. Kc6 Be4+ 31. Kd6 1-0

[Event "Belgrade Trophy 28th"]
[Site "Belgrade"]
[Date "2014.11.28"]
[Round "5"]
[White "Jelic, Goran"]
[Black "Weinzettl, Ernst"]
[Result "1/2-1/2"]
[WhiteElo "2214"]
[BlackElo "2305"]
[PlyCount "31"]
[EventDate "2014.11.24"]
[EventType "swiss"]
[EventRounds "9"]
[EventCountry "SRB"]
[SourceTitle "CBM 163 Extra"]
[Source "ChessBase"]
[SourceDate "2014.12.23"]
[SourceVersion "1"]
[SourceVersionDate "2014.12.23"]
[SourceQuality "1"]

1. c4 Nf6 2. Nc3 g6 3. e4 d6 4. d4 Bg7 5. Be2 0-0 6. Bg5 Na6 7. Qd2 e5 8. d5 Nc5 9. f3 a5 10. g4 c6 11. h4 cxd5 12. cxd5 Bd7 13. h5 a4 14. hxg6 fxg6 15. Nh3 b5 16. Nf2 1/2-1/2

[Event "Belgrade-chT"]
[Site "Belgrade"]
[Date "2014.11.01"]
[Round "9"]
[White "Vukovic, Dusan M"]
[Black "Jelic, Goran"]
[Result "0-1"]
[WhiteElo "2204"]
[BlackElo "2214"]
[PlyCount "79"]
[EventDate "2014.10.04"]
[EventType "team-tourn"]
[EventRounds "13"]
[EventCountry "SRB"]
[SourceTitle "EXT 2015"]
[Source "ChessBase"]
[SourceDate "2014.11.20"]
[SourceVersion "1"]
[SourceVersionDate "2014.11.20"]
[SourceQuality "1"]

1. Nf3 c5 2. g3 Nc6 3. d4 cxd4 4. Nxd4 g6 5. c4 Bg7 6. Nc2 d6 7. Bg2 Be6 8. Nba3 Qd7 9. Rb1 Bh3 10. 0-0 h5 11. f3 Bxg2 12. Kxg2 h4 13. g4 f5 14. h3 Nf6 15. Ne3 Qe6 16. Nac2 Qe5 17. f4 Qe6 18. Qd3 Ne4 19. Nd5 Rc8 20. Rf3 Qd7 21. g5 e6 22. Nde3 0-0 23. Nd1 d5 24. Be3 Rfd8 25. cxd5 Qxd5 26. Qxd5 Rxd5 27. Nc3 Ra5 28. Rff1 Nxc3 29. bxc3 Rxa2 30. Rfc1 b6 31. Kf1 Na5 32. Nd4 Nc4 33. Bf2 Nd2+ 34. Kg1 Nxb1 35. Rxb1 Rxc3 36. Nxe6 Rcc2 37. Nxg7 Kxg7 38. Re1 Rxe2 39. Rxe2 Rxe2 40. Bxh4 0-1

[Event "Belgrade City-chT"]
[Site "Belgrade"]
[Date "2013.11.14"]
[Round "10"]
[White "Jelic, Goran"]
[Black "Zivkovic, Miroslav"]
[Result "1-0"]
[WhiteElo "2206"]
[BlackElo "2065"]
[PlyCount "102"]
[EventDate "2013.10.26"]
[EventType "team-tourn"]
[EventRounds "11"]
[EventCountry "SRB"]
[SourceTitle "EXT 2015"]
[Source "ChessBase"]
[SourceDate "2014.11.20"]
[SourceVersion "1"]
[SourceVersionDate "2014.11.20"]
[SourceQuality "1"]

1. c4 Nf6 2. Nc3 c6 3. e4 d6 4. f4 g6 5. d4 Bg7 6. e5 Ng8 7. Nf3 Nh6 8. Be3 Ng4 9. Bg1 h5 10. Be2 Na6 11. h3 Nh6 12. Bf2 Bf5 13. a3 Nc7 14. d5 c5 15. Bh4 Qd7 16. Qd2 Rb8 17. a4 Na6 18. 0-0 0-0 19. Rfe1 Nb4 20. Rac1 Rfe8 21. Bf1 a6 22. b3 Qc7 23. Ne4 dxe5 24. fxe5 Bxe4 25. Rxe4 Nf5 26. Bg5 f6 27. Bf4 Qb6 28. g4 hxg4 29. hxg4 fxe5 30. gxf5 gxf5 31. Rxe5 Qg6+ 32. Kf2 Rbd8 33. Be2 Nc6 34. Re6 Qxe6 35. dxe6 Rxd2 36. Bxd2 Nd4 37. Nxd4 Bxd4+ 38. Be3 Kg7 39. Bxd4+ cxd4 40. Bf3 Kf6 41. Bxb7 Rb8 42. Bxa6 Rxb3 43. c5 Rc3 44. Rxc3 dxc3 45. Ke2 Kxe6 46. Bc4+ Kd7 47. Bd5 Kc7 48. Kd3 e5 49. Kxc3 Kd7 50. a5 e4 51. Kd4 f4 1-0

[Event "Belgrade-chT Quality"]
[Site "Belgrade"]
[Date "2012.10.28"]
[Round "6.4"]
[White "Janjic, Stefan"]
[Black "Jelic, Goran"]
[Result "0-1"]
[WhiteElo "1900"]
[BlackElo "2189"]
[PlyCount "64"]
[EventDate "2012.10.13"]
[EventType "team-tourn"]
[EventRounds "11"]
[EventCountry "SRB"]
[SourceTitle "EXT 2019"]
[Source "ChessBase"]
[SourceDate "2018.10.10"]
[SourceVersion "1"]
[SourceVersionDate "2018.10.10"]
[SourceQuality "1"]

1. d4 d6 2. Nf3 g6 3. c3 Nf6 4. Bg5 Bg7 5. Nbd2 c5 6. dxc5 dxc5 7. e4 0-0 8. Be2 Nc6 9. Qc2 b6 10. h3 Bb7 11. 0-0-0 Qc7 12. g4 Rad8 13. Rdg1 Ne5 14. Nxe5 Qxe5 15. f4 Qe6 16. Bc4 Rxd2 17. Qb3 Qd7 18. Bb5 Qd8 19. Bxf6 exf6 20. Rd1 Rxd1+ 21. Rxd1 Qc7 22. e5 Rd8 23. Rf1 fxe5 24. fxe5 Bd5 25. Bc4 Bxc4 26. Qxc4 Bxe5 27. h4 Qd7 28. Qe2 Qe6 29. Kb1 Qd5 30. Qf2 Rd7 31. h5 Qe4+ 32. Ka1 Qxg4 0-1

[Event "Belgrade-chT Quality"]
[Site "Belgrade"]
[Date "2012.10.13"]
[Round "1.2"]
[White "Savic, Nemanja"]
[Black "Jelic, Goran"]
[Result "0-1"]
[WhiteElo "2040"]
[BlackElo "2189"]
[PlyCount "95"]
[EventDate "2012.10.13"]
[EventType "team-tourn"]
[EventRounds "11"]
[EventCountry "SRB"]
[SourceTitle "EXT 2019"]
[Source "ChessBase"]
[SourceDate "2018.10.10"]
[SourceVersion "1"]
[SourceVersionDate "2018.10.10"]
[SourceQuality "1"]

1. c4 Nf6 2. Nc3 e5 3. Nf3 Nc6 4. g3 Bb4 5. Nd5 Bc5 6. Bg2 d6 7. d3 h6 8. 0-0 0-0 9. a3 a5 10. e3 Ba7 11. Bd2 Be6 12. Nxf6+ Qxf6 13. Bc3 a4 14. Nd2 Bb6 15. b4 axb3 16. Nxb3 Ra7 17. a4 Ra6 18. a5 Ba7 19. Qe2 Qd8 20. Rfb1 d5 21. Nc1 d4 22. Bd2 Bc8 23. Rb5 dxe3 24. Bxe3 Bxe3 25. fxe3 Nd4 26. Qb2 Nxb5 27. cxb5 Re6 28. Qd2 Qd6 29. Qc3 Rd8 30. Ra4 f5 31. Rc4 Re7 32. Rc5 e4 33. d4 Be6 34. a6 bxa6 35. Rc6 Qd7 36. bxa6 Bd5 37. Rc5 c6 38. Bf1 Rb8 39. Be2 Kh7 40. Kg2 Qd8 41. Qa3 Ra7 42. Na2 Rb3 43. Qc1 Qb6 44. Nc3 Rb2 45. Qf1 Qxa6 46. Kh3 Qb7 47. Qxf5+ g6 48. Qf4 0-1

[Event "Belgrade-chT"]
[Site "Belgrade"]
[Date "2011.10.12"]
[Round "11.3"]
[White "Kiproski, Branislav"]
[Black "Jelic, Goran"]
[Result "0-1"]
[WhiteElo "2003"]
[BlackElo "2193"]
[PlyCount "94"]
[EventDate "2011.10.01"]
[EventType "team-tourn"]
[EventRounds "11"]
[EventCountry "SRB"]
[SourceTitle "CBM 144 Extra"]
[Source "ChessBase"]
[SourceDate "2011.10.28"]
[SourceVersion "1"]
[SourceVersionDate "2011.10.28"]
[SourceQuality "1"]
[WhiteTeam "Delfin"]
[BlackTeam "Bogoslov"]
[WhiteTeamCountry "YUG"]
[BlackTeamCountry "YUG"]

1. d4 Nf6 2. Bg5 e6 3. Nf3 c5 4. c3 h6 5. Bh4 cxd4 6. cxd4 Bb4+ 7. Nbd2 g5 8. Bg3 Ne4 9. a3 Nxg3 10. hxg3 Be7 11. e3 d6 12. Bd3 Nc6 13. Rc1 Bd7 14. b4 a6 15. Ne4 Kf8 16. Nc3 d5 17. Qb3 Kg7 18. Ne2 a5 19. Ne5 axb4 20. Nxc6 bxc6 21. axb4 Rb8 22. 0-0 Rxb4 23. Qc2 h5 24. Rb1 Rxb1 25. Rxb1 Qc7 26. Qb3 Bd6 27. Qb7 Rb8 28. Qxb8 Qxb8 29. Rxb8 Bxb8 30. f4 f6 31. Kf2 Bd6 32. Kf3 Bb4 33. e4 Bd2 34. e5 fxe5 35. fxe5 Be8 36. g4 h4 37. Bc2 Kf8 38. Kf2 Ke7 39. Ng1 Kd8 40. Ke2 Bc1 41. Nf3 Kc7 42. Kd3 Kb6 43. Kc3 c5 44. dxc5+ Kxc5 45. Bh7 Bf4 46. Bg8 d4+ 47. Kd3 Bb5+ 0-1

[Event "SRB-chT"]
[Site "Belgrade"]
[Date "2010.10.04"]
[Round "4"]
[White "Jelic, Goran"]
[Black "Markovic, Milan"]
[Result "1/2-1/2"]
[WhiteElo "2192"]
[BlackElo "2280"]
[PlyCount "21"]
[EventDate "2010.10.01"]
[EventType "team-tourn"]
[EventRounds "11"]
[EventCountry "YUG"]
[SourceTitle "CBM 138 Extra"]
[Source "ChessBase"]
[SourceDate "2010.10.29"]
[SourceVersion "1"]
[SourceVersionDate "2010.10.29"]
[SourceQuality "1"]

1. Nf3 Nf6 2. c4 g6 3. Nc3 c5 4. e4 Nc6 5. d4 cxd4 6. Nxd4 Bg7 7. Nc2 b6 8. Be2 Bb7 9. Bd2 0-0 10. f4 d6 11. 0-0 1/2-1/2